01126nas a2200337 4500001001000000003000900010005001700019007000300036008003400039040005400073041000900127072000800136100002000144100001600164100001700180100001800197245014000215650001100355650001000366650001800376650001100394650001500405650001200420650001900432650001600451773009100467909004000558942001800598999001900616952015300635BR0810451BR-BrBNA20231205112604.0ta230509b bl.|||p| |||| 00| 00por d aBR-BrBNAbporcBiblioteca Nacional de Agricultura a(Pt) aL011 aAlmeida, L.A.M.1 aPrata, L.F.1 aFukuda, R.T.1 aVerardino, H.1 aManejo pré-abate de bovinos: monitoração de bem-estar animal em frigoriíicos exportadores - perdas econômicas por contusões aBOVINO aABATE aFRIGORÍFICO aSTRESS aTRANSPORTE aLESÃO aEXPORTAÇÃO aSÃO PAULO0 tHigiene Alimentar (Brazil)xISSN 0101-9171g(Sep 2008), v. 22(164) p. 80-87wBR0810451 a202311bLúciac55dLúcia Elande 2AGRISn0cANA c198823d198823 002AGRIS4071a41918b41918cPeriódicos Agrícolash(Sep 2008), v. 22(164) p. 80-87l0r2023-11-29t01yCRePortaria Interministerial nº 164/94